[Event "Lloyds Bank op"]
[Site "London"]
[Date "1992.??.??"]
[Round "?"]
[White "Speelman, Jonathan S"]
[Black "Levitt, Jonathan"]
[Result "1-0"]
[WhiteElo "2590"]
[BlackElo "2455"]

1.c4 c6 2.e4 d5 3.exd5 cxd5 4.d4 Nf6 5.Nc3 e6 6.Nf3 Bb4 7.Bd3 dxc4 8.Bxc4 O-O
9.O-O b6 10.Bg5 Bb7 11.Rc1 Nc6 12.Re1 Be7 13.a3 Rc8 14.Ba2 Nd5 15.Bd2 Nxc3
16.Bxc3 Bf6 17.d5 exd5 18.Bxd5 Bxc3 19.Rxc3 Na5 20.Rxc8 Qxc8 21.Ne5 Bxd5
22.Qxd5 Qb7 23.Qd6 Re8 24.Re3 f6 25.Ng6 Ra8 26.Ne7+ Kh8 27.Qe6  1-0

[Event "Lloyds Bank op"]
[Site "London"]
[Date "1992.??.??"]
[Round "?"]
[White "Speelman, Jonathan S"]
[Black "El Assiouti, Sheriff"]
[Result "1-0"]
[WhiteElo "2590"]
[BlackElo "2385"]

1.d4 Nf6 2.c4 e6 3.Nc3 Bb4 4.e3 O-O 5.Bd3 c5 6.Nf3 b6 7.O-O Bb7 8.Na4 cxd4
9.a3 Be7 10.exd4 d5 11.c5 bxc5 12.Nxc5 Bxc5 13.dxc5 Qc7 14.Bg5 Ne4 15.Rc1 Nc6
16.b4 Nxg5 17.Nxg5 h6 18.Bh7+ Kh8 19.Bb1 g6 20.Nf3 Ba6 21.Qd2 Kh7 22.Rfe1 Rad8
23.a4 Bc4 24.Qb2 Rb8 25.b5 a6 26.b6 Qe7 27.h4 f5 28.h5 gxh5 29.Ne5 Qxc5 30.Nd7 Qd4
31.Qa3 Rg8 32.Nxb8 Qg4 33.Qg3 Qxg3 34.fxg3 Rxb8 35.Bd3 Nd8 36.Bxc4 dxc4 37.Red1 Nf7
38.a5 Ne5 39.Rd6 Re8 40.Re1  1-0

[Event "Lloyds Bank op"]
[Site "London"]
[Date "1992.??.??"]
[Round "?"]
[White "Nijboer, Friso"]
[Black "Speelman, Jonathan S"]
[Result "0-1"]
[WhiteElo "2485"]
[BlackElo "2590"]

1.e4 c6 2.d4 d5 3.e5 Bf5 4.Nc3 e6 5.Be3 Ne7 6.g4 Bg6 7.Bg2 h5 8.h3 c5 9.dxc5 hxg4
10.hxg4 Rxh1 11.Bxh1 Nec6 12.Qe2 Qh4 13.Qb5 Qxh1 14.O-O-O b6 15.cxb6 axb6
16.Bxb6 Bb4 17.Nge2 Qf3 18.Bc7 Bxc3 19.Bxb8 Bxb2+ 20.Kd2 d4 21.Bc7 Rxa2 22.Ke1 Qh1+
23.Kd2 Bc3+  0-1

[Event "Manila ol (Men)"]
[Site "Manila"]
[Date "1992.??.??"]
[Round "?"]
[White "Campos Moreno, Javier B"]
[Black "Speelman, Jonathan S"]
[Result "0-1"]
[WhiteElo "2505"]
[BlackElo "2630"]

1.d4 d6 2.c4 e5 3.Nf3 e4 4.Ng5 f5 5.Nc3 c6 6.Nh3 Nf6 7.e3 g6 8.Nf4 Bg7 9.h4 O-O
10.Be2 Na6 11.Rb1 Nc7 12.b4 Ne6 13.g3 d5 14.Nxe6 Bxe6 15.c5 b5 16.a4 a6 17.Bd2 Ne8
18.axb5 axb5 19.Ra1 Nc7 20.Rxa8 Qxa8 21.Kf1 Qd8 22.Qa1 Qd7 23.Bd1 Ra8 24.Qb2 f4
25.gxf4 Bh3+ 26.Ke1 Bg2 27.Rh2 Bf3 28.Kf1 Qg4 29.Bxf3 exf3 30.Be1 Ne6 31.Nb1 Bxd4
32.exd4 Nxf4 33.Nd2 Re8  0-1

[Event "Manila ol (Men)"]
[Site "Manila"]
[Date "1992.??.??"]
[Round "?"]
[White "Speelman, Jonathan S"]
[Black "Vaganian, Rafael A"]
[Result "1/2-1/2"]
[WhiteElo "2630"]
[BlackElo "2590"]

1.d4 Nf6 2.c4 e6 3.Nc3 d5 4.Bg5 Be7 5.e3 h6 6.Bh4 O-O 7.Rc1 b6 8.cxd5 Nxd5
9.Nxd5 exd5 10.Bxe7 Qxe7 11.Be2 c5 12.Bf3 cxd4 13.Bxd5 Bb7 14.Bxb7 Qxb7 15.Qf3 Qxf3
16.Nxf3 dxe3 17.fxe3 Na6 18.Ke2 Rfe8 19.Rhd1 Re7 20.Nd4 Rae8 21.Rc3 Nb4 22.Rb3 Nd5
23.Nc2 Re5 24.Rd4 g5 25.g3 Kg7 26.Rbd3 Rc8 27.Na3 Nf6 28.Nc4 Re6 29.a4 Ne4
30.Rxe4 Rxe4 31.Nd6 Rc2+ 32.Kd1 Rec4 33.Nxc4 Rxc4 34.b3 Rc6 35.Kd2 Kf6 36.Rd7 a5
37.Rd5 Ke6 38.Rb5 Kd7 39.h4 f6 40.Kd3 Re6 41.h5 Rd6+ 42.Ke4 Ke6 43.g4 Rc6
44.Kd4 Rd6+  1/2-1/2

[Event "Manila ol (Men)"]
[Site "Manila"]
[Date "1992.??.??"]
[Round "?"]
[White "Speelman, Jonathan S"]
[Black "Petursson, Margeir"]
[Result "1/2-1/2"]
[WhiteElo "2630"]
[BlackElo "2555"]

1.d4 d5 2.c4 c6 3.Nc3 Nf6 4.e3 g6 5.Nf3 Bg7 6.Be2 O-O 7.O-O e6 8.Rb1 Nbd7
9.b4 b6 10.a4 Bb7 11.Ba3 Qc7 12.Qb3 Rfc8 13.Rfc1 Qd8 14.cxd5 exd5 15.Rd1 Qe7
16.Nd2 Bf8 17.Ra1 Qe6 18.Bf3 Re8 19.a5 Rac8 20.Bb2 Rb8 21.axb6 axb6 22.b5 c5
23.Ra7 cxd4 24.exd4 Bh6 25.Nf1 Nf8 26.h3 Qd6 27.Ba3 Qd8 28.Rxb7 Rxb7 29.Nxd5 Nxd5
30.Bxd5 Ra7 31.Bb4 Bg7 32.Ne3 Rd7 33.Bc6 Rxd4 34.Bxe8 Qxe8 35.Rxd4 Bxd4 36.Qd3 Ne6
37.Nd5 Qa8 38.Ne7+ Kg7 39.Bc3 Qa4 40.Nd5 Bxc3 41.Qxc3+ Qd4 42.Qxd4+ Nxd4
43.Nxb6 Nxb5  1/2-1/2

[Event "Manila ol (Men)"]
[Site "Manila"]
[Date "1992.??.??"]
[Round "?"]
[White "Speelman, Jonathan S"]
[Black "Oll, Lembit"]
[Result "1/2-1/2"]
[WhiteElo "2630"]
[BlackElo "2600"]

1.Nf3 Nf6 2.c4 c6 3.b3 g6 4.Bb2 Bg7 5.e3 O-O 6.Be2 d6 7.O-O e5 8.d3 a5 9.a3 Re8
10.Nbd2 Nbd7 11.Qc2 b6 12.Rfd1 Bb7 13.Ne4 Qe7 14.b4 Nxe4 15.dxe4 Nf6 16.c5 bxc5
17.bxc5 d5 18.exd5 Nxd5 19.Nd2 Bc8 20.Rac1 a4 21.Bd3 Bg4 22.Re1 Reb8 23.Ba1 Be6
24.Rb1 h5 25.Rxb8+ Rxb8 26.Rc1 Ra8 27.h3 Nc7 28.Ne4 Bb3 29.Qe2 Ne6 30.Bc4 Rb8
31.Nd6 Kh7 32.Bxe6 Qxe6 33.Bc3 Kg8 34.e4 Bh6 35.Ra1 Bf8 36.Qb2  1/2-1/2

[Event "Manila ol (Men)"]
[Site "Manila"]
[Date "1992.??.??"]
[Round "?"]
[White "Johansen, Darryl K"]
[Black "Speelman, Jonathan S"]
[Result "1/2-1/2"]
[WhiteElo "2485"]
[BlackElo "2630"]

1.d4 d6 2.Nf3 Bg4 3.e4 Nf6 4.Nc3 e6 5.Be2 Be7 6.O-O O-O 7.Be3 d5 8.exd5 exd5
9.Ne5 Bxe2 10.Nxe2 Nbd7 11.Ng3 Bd6 12.Bf4 Re8 13.Re1 Ne4 14.Nd3 Bxf4 15.Nxf4 Qg5
16.Nd3 g6 17.Qc1 Qf6 18.c3 c6 19.Qf4 Qxf4 20.Nxf4 Nd6 21.Nd3 h5 22.Nf1 Kg7
23.f3 h4 24.Kf2 g5 25.Rxe8 Rxe8 26.Re1 Rxe1 27.Kxe1 Kg6 28.Ne3 f6 29.Ke2 Nf8
30.g3 hxg3 31.hxg3 Ne6 32.a4 a5  1/2-1/2

[Event "Manila ol (Men)"]
[Site "Manila"]
[Date "1992.??.??"]
[Round "?"]
[White "Ribli, Zoltan"]
[Black "Speelman, Jonathan S"]
[Result "1/2-1/2"]
[WhiteElo "2595"]
[BlackElo "2630"]

1.Nf3 Nf6 2.c4 e6 3.Nc3 Bb4 4.g3 O-O 5.Bg2 d5 6.a3 Bxc3 7.dxc3 dxc4 8.Qxd8 Rxd8
9.Ne5 Nd5 10.Nxc4 Nc6 11.O-O e5 12.f4  1/2-1/2

[Event "Munich"]
[Site "Munich"]
[Date "1992.??.??"]
[Round "1"]
[White "Speelman, Jonathan S"]
[Black "Gurevich, Mikhail"]
[Result "1/2-1/2"]
[WhiteElo "2630"]
[BlackElo "2635"]

1.d4 Nf6 2.c4 e6 3.Nc3 Bb4 4.e3 c5 5.Bd3 Nc6 6.Ne2 cxd4 7.exd4 d5 8.cxd5 Nxd5
9.O-O O-O 10.Qc2 h6 11.a3 Bd6 12.Ne4 Bc7 13.Rd1 Qh4 14.g3 Qh5 15.N4c3 Nxc3
16.Nxc3 e5 17.Be2 Bf5 18.Qb3 Bg4 19.Bxg4 Qxg4 20.Qxb7 Nxd4 21.Qxc7 Rac8 22.Qb7 Rxc3
23.Rxd4  1/2-1/2

[Event "Munich"]
[Site "Munich"]
[Date "1992.??.??"]
[Round "2"]
[White "Khalifman, Alexander"]
[Black "Speelman, Jonathan S"]
[Result "1-0"]
[WhiteElo "2625"]
[BlackElo "2630"]

1.e4 e6 2.d4 d5 3.Nc3 Nf6 4.e5 Nfd7 5.f4 c5 6.Nf3 Nc6 7.Be3 a6 8.Qd2 b5 9.dxc5 Bxc5
10.Bxc5 Nxc5 11.Qf2 Qb6 12.Bd3 Bb7 13.O-O O-O-O 14.a3 b4 15.axb4 Qxb4 16.Ne2 d4
17.Ng5 Nxd3 18.cxd3 Qe7 19.Ne4 Kb8 20.Ra4 Nb4 21.Nd6 Rxd6 22.exd6 Qxd6 23.Qxd4 Qc6
24.Qxg7  1-0

[Event "Munich"]
[Site "Munich"]
[Date "1992.??.??"]
[Round "5"]
[White "Speelman, Jonathan S"]
[Black "Lobron, Eric"]
[Result "1/2-1/2"]
[WhiteElo "2630"]
[BlackElo "2575"]

1.e4 c5 2.Nf3 e6 3.d4 cxd4 4.Nxd4 a6 5.Bd3 Bc5 6.Nb3 Ba7 7.Qe2 Nc6 8.Be3 d6
9.Nc3 Nf6 10.O-O-O b5 11.Bxa7 Rxa7 12.f4 b4 13.Na4 e5 14.f5 O-O 15.g4 Bd7
16.g5 Ne8 17.Qe3 Rb7 18.Bxa6 Rb8 19.Kb1 Qc7 20.Rd5 Ne7 21.Ra5 Nxf5 22.exf5 Bxa4
23.Rxa4 Qc6 24.Rd1 Qxa4 25.Bc4 Rc8 26.Nd2 Qc6 27.Bb3 Nc7 28.Nc4 Nb5 29.Nb6 Nd4
30.Nxc8 Qxc8 31.Rf1 Qa6 32.Rf2 Qc6 33.Qe1 Nxb3 34.axb3 Ra8 35.Qe2 Qc5 36.g6 Qa7
37.Kc1 d5 38.gxf7+ Kxf7 39.Qxe5 Qxf2 40.Qe6+ Kf8 41.Qd6+ Ke8 42.Qe6+ Kf8  1/2-1/2

[Event "Munich"]
[Site "Munich"]
[Date "1992.??.??"]
[Round "6"]
[White "Gelfand, Boris"]
[Black "Speelman, Jonathan S"]
[Result "1/2-1/2"]
[WhiteElo "2665"]
[BlackElo "2630"]

1.e4 c6 2.d4 d5 3.Nd2 dxe4 4.Nxe4 Nd7 5.Ng5 Ngf6 6.Bd3 e6 7.N1f3 Bd6 8.Qe2 h6
9.Ne4 Nxe4 10.Qxe4 Qc7 11.Qg4 Kf8 12.O-O c5 13.b3 e5 14.dxc5 Nxc5 15.Bf5 h5
16.Qh3 Ne6 17.Qh4 Be7 18.Qg3 Nf4 19.Bxf4 exf4 20.Qh3 g6 21.Bxc8 Rxc8 22.c4 Kg7
23.Nd4 Bf6 24.Nb5 Qc5 25.Rad1 Rcd8 26.Qf3 Rhe8 27.Rxd8 Rxd8 28.Qxb7 Rd2 29.Qf3 a5
30.Nc3  1/2-1/2

[Event "Munich"]
[Site "Munich"]
[Date "1992.??.??"]
[Round "8"]
[White "Christiansen, Larry Mark"]
[Black "Speelman, Jonathan S"]
[Result "0-1"]
[WhiteElo "2595"]
[BlackElo "2630"]

1.d4 Nf6 2.c4 e6 3.Nc3 Bb4 4.Qb3 c5 5.dxc5 Nc6 6.Nf3 Ne4 7.Bd2 Nxd2 8.Nxd2 O-O
9.e3 Bxc5 10.Be2 b6 11.Rd1 f5 12.Nf3 Qf6 13.O-O g5 14.Ne1 Rf7 15.Nb5 Bb7
16.Nd6 Bxd6 17.Rxd6 Rc8 18.Qd1 Ne5 19.b3 f4 20.exf4 gxf4 21.f3 Rg7 22.Rf2 Rf8
23.Qd4 Qg5 24.Nd3 Nc6 25.Qb2 Qe7 26.Rxc6 Bxc6 27.b4 Qf6 28.Bd1 d6 29.Rd2 e5
30.c5 e4 31.Bb3+ Kh8 32.Qxf6 Rxf6 33.Ne5 e3 34.Rxd6 Rxd6 35.cxd6 e2 36.Nd3 Bb5
37.Ne1 Rd7 38.a4 Ba6 39.b5 Bb7 40.Kf2 Rxd6 41.Kxe2 Bd5 42.Bxd5 Rxd5 43.Nc2 Kg7
44.g4 h5 45.h4 Re5+ 46.Kf2 Rc5 47.Nd4 Rc4 48.Nc6 a5 49.g5 Rxa4 50.Ke2 Rc4
51.Ne5 Rd4  0-1

[Event "Munich"]
[Site "Munich"]
[Date "1992.??.??"]
[Round "10"]
[White "Speelman, Jonathan S"]
[Black "Lutz, Christopher"]
[Result "1/2-1/2"]
[WhiteElo "2630"]
[BlackElo "2540"]

1.Nf3 c5 2.c4 Nc6 3.d4 cxd4 4.Nxd4 Nf6 5.Nc3 e6 6.a3 Be7 7.Bf4 d5 8.cxd5 Nxd5
9.Nxc6 bxc6 10.Bd2 Bf6 11.Qc2 Rb8 12.e3 O-O 13.Bd3 h6 14.O-O Qb6 15.Rab1 Ba6
16.Bxa6 Nxc3 17.Bxc3 Bxc3 18.Qxc3 Qxa6 19.h3 Rfd8 20.Rfd1 Qb6 21.Rxd8+ Rxd8
22.Rc1 Rd5 23.b4 Rd6 24.Qc5 Qxc5 25.Rxc5 Rd3 26.Ra5 Rd7 27.g4 Kf8 28.Kg2 Ke7
29.f4 Kd8 30.Kf3 Kc8 31.f5 exf5 32.Rxf5 Kb7 33.h4 Kb6 34.h5 Re7 35.e4 Rd7
36.Ke3 Re7 37.Rc5 Rd7 38.g5 hxg5 39.Rxg5 f6 40.Rg1 Kb5 41.Rc1 Ka4 42.Rc3 Rd1
43.Rxc6 Kxa3 44.Rc7 Rg1 45.Rxa7+ Kxb4 46.Rf7 Kc5 47.h6 gxh6 48.Rxf6 Re1+  1/2-1/2

[Event "Munich"]
[Site "Munich"]
[Date "1992.??.??"]
[Round "11"]
[White "Wahls, Matthias"]
[Black "Speelman, Jonathan S"]
[Result "1/2-1/2"]
[WhiteElo "2570"]
[BlackElo "2630"]

1.e4 c6 2.d4 d5 3.exd5 cxd5 4.c4 Nf6 5.Nc3 Nc6 6.Nf3 g6 7.cxd5 Nxd5 8.Bb5 Bg7
9.Ne5 Nxc3 10.bxc3 Qd5 11.Qf3 Qxf3 12.Nxf3 Bd7 13.a4 Na5 14.Ba3 Rc8 15.Bb4 Nc4
16.O-O a5 17.Bc5 Bxb5 18.axb5 b6 19.Ra4 Nb2 20.Ra2 Nc4 21.Ra4  1/2-1/2

[Event "NED-chT"]
[Site "NED"]
[Date "1992.??.??"]
[Round "?"]
[White "Pieterse, Gert"]
[Black "Speelman, Jonathan S"]
[Result "0-1"]
[WhiteElo "2390"]
[BlackElo "2630"]

1.d4 d6 2.Nf3 Bg4 3.Nbd2 e6 4.h3 Bh5 5.g3 Nc6 6.Bg2 Nf6 7.O-O Be7 8.c3 Nd7
9.e4 O-O 10.Re1 e5 11.d5 Ncb8 12.Nc4 Nb6 13.Ne3 Bg6 14.Nd2 Bg5 15.Ndf1 N8d7
16.h4 Bxe3 17.Nxe3 h6 18.h5 Bh7 19.g4 Qh4 20.Bf3 a5 21.Kg2 Qf6 22.b4 c6 23.Qd3 Rfc8
24.Bd2 cxd5 25.Nxd5 Nxd5 26.Qxd5 Nb6 27.Qxb7 Rab8 28.Qa6 Nc4 29.Be3 Qe6 30.Ba7 Ra8
31.Qb7 Nd2 32.Re3 Qc4 33.Rd1 Nxf3 34.Kxf3 axb4 35.Rdd3 Rxa7 36.Qxa7 Bxe4+
37.Rxe4 Qxd3+ 38.Qe3 Qd1+ 39.Qe2 Qh1+ 40.Kg3 Rxc3+ 41.f3 Rc1  0-1

[Event "Oviedo rapid45"]
[Site "Oviedo"]
[Date "1992.??.??"]
[Round "4"]
[White "Speelman, Jonathan S"]
[Black "Strikovic, Aleksa"]
[Result "1/2-1/2"]
[WhiteElo "2630"]
[BlackElo "2480"]

1.d4 Nf6 2.c4 g6 3.Nc3 Bg7 4.e4 d6 5.Nf3 O-O 6.Be2 e5 7.d5 a5 8.Be3 Ng4 9.Bg5 f6
10.Bh4 Na6 11.Nd2 h5 12.O-O Qe8 13.a3 Bd7 14.b3 f5 15.Rb1 Nc5 16.b4 axb4
17.axb4 Na4 18.Nxa4 Bxa4 19.Qe1 Bh6 20.exf5 gxf5 21.c5 Qg6 22.cxd6 cxd6 23.Nc4 Bc2
24.Rb2 Be4 25.g3 Bxd5 26.Nb6 Be6 27.Qd1 Ne3 28.Qxd6 Nxf1 29.Nxa8 Rxa8 30.Bxh5 Ra1
31.Kg2 Qxh5 32.Qxe6+ Kh7 33.Qxe5 Bg7 34.Qe2 Qf7 35.Rc2 Qd5+ 36.Kh3 Qd7 37.Qh5+ Kg8
38.Re2  1/2-1/2

[Event "Oviedo rapid45"]
[Site "Oviedo"]
[Date "1992.??.??"]
[Round "6"]
[White "Speelman, Jonathan S"]
[Black "Rodriguez, Cesar"]
[Result "1-0"]
[WhiteElo "2630"]
[BlackElo "2325"]

1.Nf3 Nf6 2.c4 g6 3.Nc3 Bg7 4.e4 d6 5.d4 O-O 6.Be2 e5 7.O-O Nc6 8.d5 Ne7
9.b4 Nh5 10.g3 Bh3 11.Re1 h6 12.Nh4 Nf6 13.c5 Qd7 14.Ba3 Ne8 15.Rc1 Kh7 16.Bb5 c6
17.dxc6 bxc6 18.Ba4 dxc5 19.Qxd7 Bxd7 20.Red1 Bc8 21.b5 cxb5 22.Nxb5 Bf6
23.Bxc5 a6 24.Nc3 Be6 25.Nd5 Bxd5 26.exd5 Ng7 27.d6 Nef5 28.Nxf5 Nxf5 29.d7 Rg8
30.Rb1 Nd4 31.Kg2  1-0

[Event "Oviedo rapid45"]
[Site "Oviedo"]
[Date "1992.??.??"]
[Round "7"]
[White "Svidler, Peter"]
[Black "Speelman, Jonathan S"]
[Result "1-0"]
[WhiteElo "2465"]
[BlackElo "2630"]

1.e4 e6 2.d4 d5 3.Nd2 c5 4.Ngf3 cxd4 5.Nxd4 a6 6.Bd3 dxe4 7.Nxe4 Be7 8.O-O Nf6
9.b3 Nbd7 10.Bb2 Nxe4 11.Bxe4 Nf6 12.Bd3 Bc5 13.Nf3 b6 14.Qe2 Bb7 15.Rad1 Qe7
16.Ne5 O-O 17.Ng4 Nxg4 18.Qxg4 g6 19.h4 Rad8 20.h5 Rd5 21.hxg6 hxg6 22.Be4 Rh5
23.Rd7 Rh4 24.Qg3 Bxe4 25.Rxe7 Bxe7 26.Ba3 Bxa3 27.Qxh4 Bxc2 28.Qc4 Bf5 29.g4 b5
30.Qe2  1-0

[Event "Oviedo rapid45"]
[Site "Oviedo"]
[Date "1992.??.??"]
[Round "8"]
[White "Speelman, Jonathan S"]
[Black "Large, Peter G"]
[Result "1-0"]
[WhiteElo "2630"]
[BlackElo "2335"]

1.d4 Nf6 2.c4 e6 3.Nc3 d5 4.cxd5 exd5 5.Bg5 c6 6.e3 Nbd7 7.Bd3 Bd6 8.Nge2 Nf8
9.Bh4 Ng6 10.Bg3 O-O 11.O-O Bxg3 12.Nxg3 Ng4 13.Nf5 Qg5 14.Nd6 Nf4 15.exf4 Qxf4
16.Bxh7+ Kh8 17.g3 Qxd6 18.Bc2 Qh6 19.h4 f5 20.Qe2 Bd7 21.Qe7 Nf6 22.Rae1 f4
23.Ne2 Rfe8 24.Qf7 Rf8 25.Qg6 Qxg6 26.Bxg6 Bh3 27.Nxf4 Bxf1 28.Kxf1 Ne8 29.h5 Nd6
30.Re7 Kg8 31.Ne6 Rf6 32.Rxg7+ Kh8 33.Re7 Nf5 34.Bxf5 Rxf5 35.g4 Rf3 36.Kg2 Rd3
37.Nf4 Rxd4 38.Ng6+ Kg8 39.f3  1-0

[Event "Roquebrune"]
[Site "Roquebrune"]
[Date "1992.??.??"]
[Round "?"]
[White "Seirawan, Yasser"]
[Black "Speelman, Jonathan S"]
[Result "1-0"]
[WhiteElo "2600"]
[BlackElo "2630"]

1.d4 Nf6 2.c4 e6 3.Nc3 d5 4.Nf3 c6 5.e3 Nbd7 6.Qc2 Bd6 7.b3 O-O 8.Bb2 e5
9.cxd5 cxd5 10.dxe5 Nxe5 11.Be2 Nxf3+ 12.Bxf3 d4 13.exd4 Re8+ 14.Ne2 Bb4+
15.Kf1 Be6 16.Nf4 Rc8 17.Qd3 Bd7 18.h3 Qb6 19.a4 Qc7 20.g3 Qc2 21.Qxc2 Rxc2
22.Ba3 Bxa3 23.Rxa3 g5 24.Nd3 Rc3 25.Ne5 Rxf3 26.Nxf3 Bc6 27.d5 Nxd5 28.Nxg5 Ne3+
29.fxe3 Bxh1 30.Kf2 Rc8 31.g4 Rc2+ 32.Kg3 h6 33.Nf3 Rc3 34.Kf4 Bxf3 35.Kxf3 a5
36.Kf4 Kg7 37.Ke4 Kf6 38.Kd4 Rc2 39.b4 Rb2 40.bxa5 Kg5 41.e4 Kh4 42.Rf3 Rb4+
43.Kd5 Rxa4 44.Rxf7  1-0

[Event "Roquebrune"]
[Site "Roquebrune"]
[Date "1992.??.??"]
[Round "?"]
[White "Speelman, Jonathan S"]
[Black "Karpov, Anatoly"]
[Result "1-0"]
[WhiteElo "2630"]
[BlackElo "2725"]

1.d4 Nf6 2.Nf3 e6 3.Bg5 h6 4.Bxf6 Qxf6 5.e4 d6 6.Nc3 g5 7.h3 Bg7 8.Bc4 Nc6
9.d5 Ne5 10.Nxe5 Qxe5 11.O-O h5 12.Nb5 Kd8 13.c3 g4 14.Qd3 exd5 15.exd5 gxh3
16.Rae1 Qg5 17.g3 h4 18.Bb3 Bd7 19.Nd4 hxg3 20.fxg3 Bxd4+ 21.cxd4 Bb5 22.Qf3 Bxf1
23.Rxf1 Qg7 24.Kh2 Qxd4 25.Qxf7 Re8 26.Rf2 a5 27.Bc2 b5 28.Bg6 Rh8 29.Rc2 Ra7
30.Bf5 c6 31.Qe6 Qe5 32.Qxe5 dxe5 33.Rxc6 Rc7 34.Ra6 Rh5 35.g4 Rh4 36.d6 Rc8
37.Ra7 Rh6 38.Rd7+ Ke8 39.Re7+ Kd8 40.Rd7+ Ke8 41.Rc7 Rd8 42.d7+ Ke7 43.Rc5 Kf6
44.Rxb5 Kg5  1-0

[Event "Roquebrune rapid"]
[Site "Roquebrune"]
[Date "1992.??.??"]
[Round "4"]
[White "Speelman, Jonathan S"]
[Black "Ljubojevic, Ljubomir"]
[Result "1/2-1/2"]
[WhiteElo "2630"]
[BlackElo "2610"]

1.d4 Nf6 2.c4 e6 3.Nc3 d5 4.cxd5 exd5 5.Bg5 c6 6.e3 Be7 7.Bd3 Nbd7 8.Nge2 Nf8
9.O-O Ne6 10.Bh4 O-O 11.Rb1 a5 12.a3 g6 13.Qc2 Ng7 14.b4 Bf5 15.bxa5 Qc8
16.Rfc1 Rxa5 17.a4 Bxd3 18.Qxd3 Nf5 19.Bxf6 Bxf6 20.Ng3 Nd6 21.e4 dxe4 22.Ngxe4 Nxe4
23.Nxe4 Be7 24.Qb3 b5 25.axb5 Rxb5 26.Qc4 Rxb1 27.Rxb1 Rd8 28.Rc1 Qd7 29.Qxc6 Qxc6
30.Rxc6 Rxd4 31.Ng3 Bd6 32.Nf1  1/2-1/2

[Event "Roquebrune rapid"]
[Site "Roquebrune"]
[Date "1992.??.??"]
[Round "7"]
[White "Larsen, Bent"]
[Black "Speelman, Jonathan S"]
[Result "1/2-1/2"]
[WhiteElo "2535"]
[BlackElo "2630"]

1.Nf3 d5 2.g3 c6 3.Bg2 Bg4 4.b3 Nd7 5.Bb2 e6 6.O-O Ngf6 7.d3 Bd6 8.Nbd2 Qe7
9.a3 O-O 10.h3 Bxf3 11.Nxf3 a5 12.e3 Rfe8 13.Qe2 Rac8 14.e4 e5 15.Nh4 g6
16.Nf3 dxe4 17.dxe4 Nc5 18.Nd2 b5 19.Rfd1 h5 20.a4 Ne6 21.Nf3 Nc5 22.axb5 cxb5
23.Ng5 Nb7 24.h4 Bb4 25.Bh3 Rc7 26.Rd3 a4 27.bxa4 Nc5 28.axb5 Nxd3 29.Qxd3 Kg7
30.Nf3 Qc5 31.Ra6 Ng4 32.Bxg4 hxg4 33.b6 Rb7 34.Nh2 Qc8 35.Qe2 Bc3 36.Bxc3 Qxc3
37.Nxg4 Re6 38.h5 Rexb6 39.Rxb6 Rxb6 40.hxg6 fxg6 41.Ne3 Rb1+ 42.Kg2 Qe1
43.Qxe1 Rxe1 44.Ng4 Rxe4 45.f3 Re2+ 46.Kf1 Rxc2 47.Nxe5 Kf6 48.Nd3 Rd2 49.Nf2  1/2-1/2

[Event "Roquebrune rapid"]
[Site "Roquebrune"]
[Date "1992.??.??"]
[Round "8"]
[White "Speelman, Jonathan S"]
[Black "Seirawan, Yasser"]
[Result "1-0"]
[WhiteElo "2630"]
[BlackElo "2600"]

1.d4 d5 2.Nf3 c5 3.c4 dxc4 4.e4 cxd4 5.Qxd4 Qxd4 6.Nxd4 Nf6 7.e5 Nfd7 8.e6 Ne5
9.Na3 Nd3+ 10.Ke2 Bxe6 11.Nxe6 Nxc1+ 12.Rxc1 fxe6 13.Nb5 Na6 14.g3 g6 15.Bg2 O-O-O
16.Rxc4+ Kb8 17.Rhc1 Bh6 18.f4 Rc8 19.Rxc8+ Rxc8 20.Rxc8+ Kxc8 21.Nxa7+ Kb8
22.Nb5 Bg7 23.b3 Nc7 24.Nxc7 Kxc7 25.Be4 b6 26.Kf3 Kd6 27.h4 Kd7 28.Kg4 Ke8
29.h5 gxh5+ 30.Kxh5 h6 31.Kg6 Kf8 32.Kh7 Bd4 33.Kxh6 Bf2 34.g4 Be3 35.g5 Bxf4
36.Kg6 Be3 37.a4 Bd2 38.Bd3 Be3 39.Bc4 e5 40.Bd5 Bd2 41.Be4 Be3 42.Kf5 Kg7
43.g6 Bd2 44.Ke6 Kf8 45.Kd7 Be3 46.b4 Bd2 47.Kc6 Bxb4 48.Kxb6  1-0

[Event "Roquebrune rapid"]
[Site "Roquebrune"]
[Date "1992.??.??"]
[Round "10"]
[White "Speelman, Jonathan S"]
[Black "Ivanchuk, Vassily"]
[Result "1/2-1/2"]
[WhiteElo "2630"]
[BlackElo "2720"]

1.d4 Nf6 2.c4 e6 3.Nc3 Bb4 4.e3 O-O 5.Nf3 b6 6.Bd3 Bb7 7.O-O c5 8.Na4 cxd4
9.a3 Be7 10.exd4 Bxf3 11.Qxf3 Nc6 12.Be3 e5 13.d5 e4 14.Bxe4 Ne5 15.Qf4 Bd6
16.c5 Ng6 17.Qf3 Nh4 18.Qh3 Nxe4 19.cxd6 Ng6 20.Nc3 Nxd6 21.Rae1 Re8 22.Bc1 Rc8
23.Qg3 Rxe1 24.Rxe1 Qf8 25.h3 f6 26.Bf4 Nc4 27.Bc1 a6 28.h4 Qd6 29.Qxd6 Nxd6
30.h5 Ne5 31.Re2 Rc4 32.Be3 b5 33.Ba7 Rc8 34.Bd4 Nec4 35.g4 Kf7 36.f3 a5
37.Kf2 b4 38.axb4 axb4 39.Ne4 Nxe4+ 40.Rxe4 Nd6 41.Re2 Nb5 42.Be3 Rc4 43.b3 Rc3
44.Rb2 Rd3 45.Bc5 Nd4 46.Bxd4 Rxd4 47.Ke3 Rxd5 48.Rc2 g6 49.hxg6+ hxg6 50.Rc4 Rb5
51.Kd4 Ke6 52.Rc5 Rb8 53.f4 Rh8 54.f5+ gxf5 55.gxf5+ Kd6 56.Rd5+ Kc6 57.Rc5+ Kb6
58.Rc4 Rh5 59.Rxb4+ Kc6 60.Rc4+ Kd6 61.Ke4 Rh4+ 62.Kd3 Rh3+ 63.Kc2 Rf3 64.b4 Rxf5
65.Kd3 Rf1 66.Rd4+ Kc7 67.Rc4+ Kb6 68.Ke4 Rd1 69.Kf5 Kb5 70.Rc7 Rf1+ 71.Ke4 Re1+
72.Kf5 d6 73.Rd7 Kc6 74.Rd8 d5 75.Kxf6  1/2-1/2

[Event "Roquebrune rapid"]
[Site "Roquebrune"]
[Date "1992.??.??"]
[Round "12"]
[White "Speelman, Jonathan S"]
[Black "Anand, Viswanathan"]
[Result "1-0"]
[WhiteElo "2630"]
[BlackElo "2670"]

1.d4 d5 2.c4 c6 3.Nc3 Nf6 4.e3 e6 5.Nf3 Nbd7 6.Be2 Bd6 7.O-O O-O 8.Qc2 Re8
9.Rd1 Qe7 10.b3 dxc4 11.bxc4 e5 12.a4 e4 13.Nd2 Nf8 14.a5 a6 15.Nf1 Ng6 16.Qb3 h5
17.Ba3 h4 18.Bxd6 Qxd6 19.Qa3 Qd8 20.h3 Nh7 21.Qc5 Qf6 22.Nh2 Ng5 23.Ng4 Bxg4
24.Bxg4 Ne7 25.Rab1 Rab8 26.Ne2 Ng6 27.Rb6 Ne6 28.Qf5 Qe7 29.Qxe4 Qa3 30.Qb1 Qxa5
31.c5 Ng5 32.Qb2 Qa4 33.Nc3  1-0

[Event "Roquebrune rapid"]
[Site "Roquebrune"]
[Date "1992.??.??"]
[Round "13"]
[White "Polgar, Judit"]
[Black "Speelman, Jonathan S"]
[Result "0-1"]
[WhiteElo "2550"]
[BlackElo "2630"]

1.e4 e6 2.d4 d5 3.Nc3 Nf6 4.Bg5 dxe4 5.Nxe4 Nbd7 6.Nf3 Be7 7.Nxf6+ Bxf6 8.Qd2 Bxg5
9.Nxg5 Nf6 10.O-O-O O-O 11.h4 b6 12.Rh3 Bb7 13.Bd3 Qd5 14.c4 Qa5 15.b4 Qa4
16.Qb2 a5 17.b5 Qb4 18.Qc2 h6 19.Be2 Bxg2 20.Rg3 Bb7 21.c5 hxg5 22.hxg5 Ne4
23.Rh3 Nxg5 24.a3 Be4 25.Qa2 Qa4 26.Rh5 Nh7 27.Qb2 Rad8 28.f3 Bg6 29.Re5 Rd5
30.Rxd5 exd5 31.c6 Re8 32.Kd2 Qc2+ 33.Qxc2 Bxc2 34.Rh1 Bf5 35.Bd1 g6 36.Bb3 Nf6  0-1

[Event "Roquebrune rapid"]
[Site "Roquebrune"]
[Date "1992.??.??"]
[Round "15"]
[White "Ljubojevic, Ljubomir"]
[Black "Speelman, Jonathan S"]
[Result "1-0"]
[WhiteElo "2610"]
[BlackElo "2630"]

1.d4 Nf6 2.c4 c5 3.d5 e5 4.Nc3 d6 5.e4 Nbd7 6.g3 Be7 7.Bg2 O-O 8.Nh3 a6 9.a4 Rb8
10.O-O Ne8 11.f4 Nc7 12.a5 b5 13.axb6 Nxb6 14.b3 Bxh3 15.Bxh3 Bf6 16.Bd2 Nd7
17.Bxd7 Qxd7 18.f5 Rb7 19.h4 Rfb8 20.Ra3 Qe7 21.Kg2 Ne8 22.Ne2 Qd8 23.Kh3 Be7
24.Ba5 Qd7 25.g4 Bd8 26.Bd2 a5 27.Nc3 a4 28.Nxa4 Ra7 29.Qf3 Rba8 30.Rfa1 Qe7
31.g5 Ba5 32.Bxa5 Rxa5 33.R3a2 R5a7 34.Rg1 Rb8 35.Rg3 Qd7 36.Kh2 Rab7 37.Qd1 g6
38.f6 h5 39.Ra3 Ra7 40.Qa1 Qd8 41.Qe1 Rba8 42.Rg2 Qb8 43.Qc3 Qd8 44.Rga2 Qb8
45.Ra1 Qd8 46.Qc1 Kh7 47.Qe3 Qb8 48.R3a2 Qb4 49.Kg3 Rb7 50.Ra3 Rbb8 51.Kf2 Qb7
52.Ke2 Qd7 53.Qf3 Qb7 54.Kd1 Nc7 55.Qh3 Rd8 56.Kc1 Qb4 57.Qc3 Qb8 58.Nb2 Rxa3
59.Rxa3 Qb7 60.Nd3 Rb8 61.Kb2 Na6 62.Qa5 Nc7 63.Qa4 Ne8 64.Qa7 Qxa7 65.Rxa7 Kg8
66.Kc3 Kf8 67.Nb2 Rc8 68.Na4 Rb8 69.Kb2 Kg8 70.Nc3 Kf8 71.Nb5 Rd8 72.Ka3 Rb8
73.Ka4 Rd8 74.Ka5 Rb8 75.Ka6 Kg8 76.Ka5 Kf8 77.Ra6 Rd8 78.Kb6 Rb8+ 79.Ka7 Rd8
80.Kb7 Kg8 81.Ra8 Rxa8 82.Kxa8 Nxf6 83.gxf6 g5 84.hxg5 h4 85.Nc3 h3 86.Nd1 h2
87.Nf2 Kh7 88.Kb7 Kg6 89.Kc6 Kxg5 90.Kxd6 Kf4  1-0

[Event "Roquebrune rapid"]
[Site "Roquebrune"]
[Date "1992.??.??"]
[Round "19"]
[White "Seirawan, Yasser"]
[Black "Speelman, Jonathan S"]
[Result "1/2-1/2"]
[WhiteElo "2600"]
[BlackElo "2630"]

1.d4 e6 2.c4 Bb4+ 3.Nd2 d5 4.a3 Be7 5.Ngf3 Nf6 6.e3 O-O 7.b4 a5 8.b5 c5 9.bxc6 bxc6
10.c5 Nfd7 11.Be2 Ba6 12.O-O f5 13.Rb1 Qc7 14.a4 Bf6 15.Nb3 e5 16.Bd2 e4
17.Ne1 Bxe2 18.Qxe2 Bd8 19.g3 Nf6 20.Bxa5 Qd7 21.Bxd8 Rxd8 22.Qa2 Na6 23.Nc1 Nc7
24.Ne2 Ne6 25.Ng2 Ng5 26.Nh4 Nf3+ 27.Kg2 f4 28.exf4 Qg4 29.h3 Nxh4+ 30.Kh2 Nf3+
31.Kg2 Qd7 32.Rb6 Ra7 33.Rfb1 Rda8 34.Rb8+ Rxb8 35.Rxb8+ Kf7 36.a5 Qc7 37.Rb6 Nd7
38.Nc3 Nxd4 39.Nxd5 cxd5 40.Qxd5+ Kf8 41.Qxd4 Qxc5 42.Qxc5+ Nxc5 43.Rb5 Nd3
44.Kf1 Rc7 45.a6 Rc1+ 46.Ke2 Ra1 47.Rb8+ Ke7 48.Rb7+ Kd6 49.a7 g6 50.Rxh7 Nc5
51.Kd2 Nd7 52.Rg7 Rxa7 53.Rxg6+ Kd5 54.h4 Ra2+ 55.Ke3 Ra3+ 56.Ke2 Nc5 57.h5 Ra2+
58.Ke3 Ra3+ 59.Ke2 Ra2+ 60.Ke3 Ra3+  1/2-1/2